|
|
|
|
| LEADER |
00000nam0a2200000 4500 |
| 001 |
191715 |
| 005 |
20231101224354.0 |
| 010 |
|
|
|a 9785950204784
|
| 035 |
|
|
|a (RuTPU)RU\TPU\book\209070
|
| 090 |
|
|
|a 191715
|
| 100 |
|
|
|a 20110210d2011 m y0rusy50 ca
|
| 101 |
0 |
|
|a rus
|
| 102 |
|
|
|a RU
|
| 105 |
|
|
|a a j 001zy
|
| 200 |
1 |
|
|a Прикладная геодезия. Геодезическое обеспечение строительного производства
|f В. В. Авакян
|
| 210 |
|
|
|a Москва
|c Вузовская книга
|d 2011
|
| 215 |
|
|
|a 256 с.
|c ил.
|
| 320 |
|
|
|a Библиогр.: с. 251.
|
| 330 |
|
|
|a В учебном пособии освещается комплекс практических работ по реализации инженерно-геодезических изысканий, геодезическому обеспечению промышленного, гражданского и дорожного строительства, а также строительства туннелей и других сооружений. Технология разбивочных работ, организация геодезических работ в строительстве и другие вопросы, связанные с геодезическим обеспечением строительного производства показаны применительно как к монолитному, так и к сборному домостроению. Приведены сведения о некоторых современных геодезических приборах и описаны методы и приемы работы с ними, поясняется последовательность выполнения некоторых расчетно-графических и практических работ. Для студентов вузов, обучающихся по специальности «Геодезия», также может быть полезно производственникам при реализации работ на строительной площадке и в изыскательской деятельности.
|
| 606 |
1 |
|
|a Инженерная геодезия
|x Строительство
|2 stltpush
|3 (RuTPU)RU\TPU\subj\12570
|9 39333
|
| 610 |
1 |
|
|a опорные инженерно-геодезические сети
|
| 610 |
1 |
|
|a линейные сооружения
|
| 610 |
1 |
|
|a трассы
|
| 610 |
1 |
|
|a изыскания
|
| 610 |
1 |
|
|a геодезические разбивочные работы
|
| 610 |
1 |
|
|a строительство
|
| 610 |
1 |
|
|a геометрическая точность
|
| 610 |
1 |
|
|a допуски
|
| 610 |
1 |
|
|a геодезический контроль
|
| 610 |
1 |
|
|a здания
|
| 610 |
1 |
|
|a возведение
|
| 610 |
1 |
|
|a туннелестроение
|
| 610 |
1 |
|
|a монтажные работы
|
| 610 |
1 |
|
|a геодезическое обеспечение
|
| 610 |
1 |
|
|a исполнительная съемка
|
| 610 |
1 |
|
|a сооружения
|
| 610 |
1 |
|
|a деформация
|
| 610 |
1 |
|
|a геодезические наблюдения
|
| 610 |
1 |
|
|a прикладные задачи
|
| 610 |
1 |
|
|a решение
|
| 610 |
1 |
|
|a учебные пособия
|
| 675 |
|
|
|a 69:528(075.8)
|v 3
|
| 700 |
|
1 |
|a Авакян
|b В. В.
|g Вячеслав Вениаминович
|
| 801 |
|
1 |
|a RU
|b 63413507
|c 20110210
|
| 801 |
|
2 |
|a RU
|b 63413507
|c 20200113
|g RCR
|
| 900 |
|
|
|a Геодезические работы при землеустройстве
|
| 900 |
|
|
|a Геодезия
|
| 942 |
|
|
|c BK
|
| 959 |
|
|
|a 24/20110210
|d 5
|e 360,36
|f ЧЗТЛ:1
|f УФ:4
|